000 00698nam a2200241 a 4500
008
020 _a0750628294 (pbk. )
049 _aMAIN
090 _aTD365
_bTEB
100 _aTebbutt, T. H. Y.
245 _aPrinciples of water quality control /
_cT. H. Y. Tebbutt.
250 _a4th ed.
260 _aOxford :
_bButterworth-Heinemann,
_c1998.
300 _aix, 251 p. :
_bill. ;
_c23 cm.
500 _aIncludes index.
504 _aIncludes bibliographical references.
650 _aWater
_xQuality control.
907 _a.b10096164
_b02-09-09
_c25-11-03
003
005 20230123133532.0
040 _cNUST
942 _cBOOKS
_kTD365
_mTEB
999 _c150290
_d150290